000
00278nam a2200121Ia 4500
005
20251222140042.0
008
251222s1900||||xx |||||||||||||| ||spa||
082
_a
170/T61
100
_a
Tischner, Josef
245
0
_a
Ética de la Solidaridad
264
_b
Encuentro
942
_c
LIB
999
_c
3305
_d
3305